Bilecik Bilecik Bilecik Bilecik Bilecik

Meani'l-Kur'an ve i'rabuhu = (Record no. 63616)

MARC details
000 -BAŞLIK
Sabit Uzunluktaki Kontrol Alanı 01025nam a22002897a 4500
001 - KONTROL NUMARASI
Control Dosyası 0063820
003 - KONTROL NUMARASI KİMLİĞİ
Kontrol Alanı KOHA_MİRAKIL
005 - EN SON İŞLEM TARİHİ ve ZAMANI
Kontrol Alanı 20260207004449.0
007 - FİZİKSEL TANIM SABİT ALAN - GENEL BİLGİ
Sabit uzunluklu kontrol alanı ta
008 - SABİT UZUNLUKTAKİ VERİ ÖGELERİ - GENEL BİLGİ
Sabit Alan 190304b1988 xx |||gr||||#||||1|ara |
040 ## - KATALOGLAMA KAYNAĞI
Özgün Kataloglama Kurumu TR-BiSEU
Kataloglama Dili tur
Çeviri Kurumu TR-BiSEU
Açıklama Kuralları rda
041 0# - DİL KODU
Metin ya da ses kaydının dil kodu ara
050 ## - SINIFLAMA ve YER NUMARASI
Sınıflama Numarası PJ6696.Z43
Yer Numarası M43 1988
100 1# - KİŞİ ADI
Yazar Adı (Kişi adı) ez-Zeccac, Ebu İshak İbrahim bin es-Seri bin Sehl .
240 10 - TEK BİÇİM BAŞLIK
Tekbiçim Başlık <a href="معاني القرآن وإعرابه">معاني القرآن وإعرابه</a>
Language of a work Arapça
245 1# - ESER ADI BİLDİRİMİ
Başlık Meani'l-Kur'an ve i'rabuhu =
Alt Eseradı vb. معاني القرآن وإعرابه/
Sorumluluk Bildirimi Ebu İshak İbrahim bin es-Seri bin Sehl ez-Zeccac ; Ebu İshak İbrahim bin es-Seri bin Sehl ez-Zeccac..
264 #1 - ÜRERİM, YAYIN, DAĞITIM ve TELİF BİLDİRİMİ
Yayın yeri Beyrut :
Yayınlayan Âlemü'l-Kütüb
Yayın tarihi 1988
300 ## - FİZİKSEL TANIMLAMA
Sayfa, Cilt vb. c.; 24 cm..
336 ## - İÇERİK TÜRÜ
Content type term metin
Content type code txt
Source rdacontent
337 ## - MEDYA TÜRÜ
Media type term aracısız
Media type code n
Source rdamedia
338 ## - TAŞIYICI TÜRÜ
Carrier type term cilt
Carrier type code nc
Source rdacarrier
500 ## - GENEL NOT
Genel Not Dizin var.
650 #0 - KONU BAŞLIĞI EK GİRİŞ - KONU TERİMİ
Konusal terim veya coğrafi ad Kur'ân-ı kerim--İ'rab.
9 (RLIN) 118233
650 #0 - KONU BAŞLIĞI EK GİRİŞ - KONU TERİMİ
Konusal terim veya coğrafi ad Kur'an-ı kerim--Tefsir.
9 (RLIN) 118234
650 #0 - KONU BAŞLIĞI EK GİRİŞ - KONU TERİMİ
Konusal terim veya coğrafi ad Qur'an--Commentaries.
9 (RLIN) 89354
942 ## - EK GİRİŞ ÖGELERİ (KOHA)
Source of classification or shelving scheme Library of Congress Classification
Koha item type Book
Holdings
Materyal Türü Kalıcı Konum Mevcut Konum Raf Yeri Koleksiyon Kodu Sınıflandırma Kaynağı Edinim Bilgisi Ana Konular Alt Konular Yer Numarası Cilt Bilgisi Demirbaş Numarası Fatura Tarihi Geri Çekilme Durumu Kayıp Durumu Hasarlı Durumu Kredi için değil Kayıt Tarih Toplam Ödünçverme Son Görülme Tarihi Son Kontrol Tarihi Genel / Bağış Notu
Book Prof. Dr. Azmi Özcan Kütüphanesi Prof. Dr. Azmi Özcan Kütüphanesi Birûni Salonu Özel Library of Congress Classification Bağış DİL VE EDEBİYAT Doğu Dilleri ve Edebiyatları PJ6696.Z43 M43 1988 c.1 0063820 02/02/2026       Ödünç verilmez 04/03/2019   14/11/2025 14/11/2025 Genel Bağış
Book Prof. Dr. Azmi Özcan Kütüphanesi Prof. Dr. Azmi Özcan Kütüphanesi Birûni Salonu Özel Library of Congress Classification Bağış DİL VE EDEBİYAT Doğu Dilleri ve Edebiyatları PJ6696.Z43 M43 1988 c.2 0063821 02/02/2026       Ödünç verilmez 04/03/2019   14/11/2025 14/11/2025 Genel Bağış
Book Prof. Dr. Azmi Özcan Kütüphanesi Prof. Dr. Azmi Özcan Kütüphanesi Birûni Salonu Özel Library of Congress Classification Bağış DİL VE EDEBİYAT Doğu Dilleri ve Edebiyatları PJ6696.Z43 M43 1988 c.3 0063822 02/02/2026       Ödünç verilmez 04/03/2019   14/11/2025 14/11/2025 Genel Bağış
Book Prof. Dr. Azmi Özcan Kütüphanesi Prof. Dr. Azmi Özcan Kütüphanesi Birûni Salonu Özel Library of Congress Classification Bağış DİL VE EDEBİYAT Doğu Dilleri ve Edebiyatları PJ6696.Z43 M43 1988 c.4 0063823 02/02/2026       Ödünç verilmez 04/03/2019   14/11/2025 14/11/2025 Genel Bağış
Book Prof. Dr. Azmi Özcan Kütüphanesi Prof. Dr. Azmi Özcan Kütüphanesi Birûni Salonu Özel Library of Congress Classification Bağış DİL VE EDEBİYAT Doğu Dilleri ve Edebiyatları PJ6696.Z43 M43 1988 c.5 0063824 02/02/2026       Ödünç verilmez 04/03/2019   14/11/2025 14/11/2025 Genel Bağış